| 000 | 01868nam a22002777a 4500 | ||
|---|---|---|---|
| 003 | AUA.1 | ||
| 005 | 20151109091547.0 | ||
| 008 | 150319t xxu||||| |||| 00| 0 eng d | ||
| 010 | _a2009013897 | ||
| 020 | _a9781883925635 (hardcover : alk. paper) | ||
| 020 | _a1883925630 (hardcover : alk. paper) | ||
| 040 | _cJTL | ||
| 050 |
_aBS660 _b.B73 2009 |
||
| 100 |
_aBrand, Leonard, _d1941- _948794 |
||
| 245 |
_aFaith, reason, & earth history : _ba paradigm of earth and biological origins by intelligent design / _cLeonard Brand. |
||
| 246 | _aFaith, reason, and earth history | ||
| 250 | _a2nd ed. | ||
| 260 |
_aBerrien Springs, Mich. : _bAndrews University Press, _c c2009. |
||
| 300 |
_axii, 508 p. : _bill. ; _c25 cm. |
||
| 504 | _aIncludes bibliographical references (p 473-496) and index. | ||
| 505 | _aScientific investigation -- Limitations of science -- Highlights of the history of science -- Understanding science -- Naturalism and an alternative -- The relationship of faith and science -- The origin of life -- Microevolution and speciation -- Interventionist theory and biological change -- Sociobiology and altruistic behavior -- The case for megaevolution -- The case for informed intervention -- Is megaevolution possible? -- The geologic record -- Geologic time -- Short-age geology theory -- Two versions of short-age geology -- Faith, reason, and earth history. | ||
| 650 |
_aIntelligent design (Teleology) _xTextbooks. _948795 |
||
| 942 |
_2lcc _cBOOK _hBS 660 _i.B73 2009 |
||
| 999 |
_c13857 _d13857 |
||